000 00543nam a2200205 a 4500
001 10928
003 CO-ViMGA
008 141112s2004 ck r 000 u spa d
040 _aCO-ViMGA
_bspa
_cCO-ViMGA
082 0 4 _aV863.6 G17m
100 1 _aGarmendia, Salvador
_950148
245 1 0 _aLa Mala Vida
250 _a1
260 _aCaracas,
_cMonte Avila Editores,
_c1980
300 _a257 p
490 _aColección Continentes
650 1 4 _aLITERATURA VENEZOLANA
_915008
650 1 4 _aNOVELISTICA Latinoaméricana
_915009
942 _2ddc
_cBK
999 _c22147
_d22147